[Event "2MCR_3DE_1L_1S"]
[Site "?"]
[Date "2007.??.??"]
[Round "?"]
[White "Kuchta, Jiri"]
[Black "Vozda, Jindrich"]
[Result "0-1"]
[WhiteElo "2244"]
[BlackElo "2469"]
[Annotator "056"]
[PlyCount "120"]
[EventDate "2007.??.??"]
[EventType "corr"]
[EventRounds "1"]
[SourceDate "2007.01.28"]

1. d4 Nf6 2. c4 e6 3. Nf3 c5 4. Nc3 cxd4 5. Nxd4 a6 6. Bg5 Qb6 7. Qd2 Nc6 8. e3
Be7 9. Be2 O-O 10. O-O Rd8 11. Rfd1 d6 12. b3 Bd7 13. Nf3 Rac8 14. Rac1 Be8 15.
Bh4 Ne5 16. Nd4 Ne4 17. Nxe4 Bxh4 18. f4 Nc6 19. Bf3 Be7 20. Ng3 d5 21. cxd5
Bb4 22. Qb2 Nxd4 23. exd4 Rxc1 24. Qxc1 exd5 25. f5 Bf8 26. Nh5 Qd6 27. Qg5 h6
28. Qg4 Bc6 29. Re1 Qb4 30. Re2 Bb5 31. Re5 Kh8 32. h3 f6 33. Re6 Bd7 34. Re2
Re8 35. Rxe8 Bxe8 36. Qf4 Bf7 37. Qe3 Qa5 38. a4 b5 39. axb5 Qa1+ 40. Kh2 axb5
41. Nf4 Bd6 42. g3 Bxf4 43. gxf4 Qb1 44. Kg3 Qxf5 45. b4 Qb1 46. Qd2 Qg1+ 47.
Bg2 Bg8 48. h4 Bf7 49. f5 Qb1 50. Kf4 Bh5 51. Bxd5 Qf1+ 52. Kg3 Qxf5 53. Bg2
Qg4+ 54. Kf2 Qxh4+ 55. Kf1 Be8 56. Qc3 Qf4+ 57. Ke2 Bf7 58. d5 g5 59. Qc5 Kg7
60. Qxb5 h5 0-1

[Event "2MCR_3DE_1L_3S"]
[Site "?"]
[Date "2007.??.??"]
[Round "?"]
[White "Fric, Pavel"]
[Black "Cakl, Zdenek"]
[Result "1-0"]
[WhiteElo "2184"]
[BlackElo "2137"]
[Annotator "057"]
[PlyCount "69"]
[EventDate "2007.??.??"]
[EventType "corr"]
[EventRounds "1"]
[SourceDate "2007.01.28"]

1. e4 c5 2. Nf3 Nc6 3. d4 cxd4 4. Nxd4 d6 5. Nc3 g6 6. Be3 Bg7 7. Bc4 Nf6 8. f3
O-O 9. Qd2 Bd7 10. O-O-O Na5 11. Bb3 Nxb3+ 12. cxb3 a5 13. a4 e5 14. Ndb5 Be6
15. Kc2 Ra6 16. Nxd6 Qc7 17. Qd3 Nh5 18. Nc4 Nf4 19. Bxf4 exf4 20. Nd5 Qb8 21.
Kb1 h6 22. Rhe1 Kh8 23. Ncb6 Rd8 24. Qb5 Kh7 25. Rd2 Rd6 26. Red1 Rc6 27. Nc4
Rc8 28. Nxa5 Qa7 29. Nc4 Rc5 30. Qb4 Rcc6 31. Rd3 g5 32. R3d2 Qa8 33. h4 gxh4
34. e5 Bf5+ 35. Ka2 1-0

[Event "2MCR_3DE_1L_3S"]
[Site "?"]
[Date "2007.??.??"]
[Round "?"]
[White "Mezera, Lukas"]
[Black "Vojtek, Frantisek"]
[Result "1/2-1/2"]
[WhiteElo "2285"]
[BlackElo "2196"]
[Annotator "058"]
[PlyCount "65"]
[EventDate "2007.??.??"]
[EventType "corr"]
[EventRounds "1"]
[SourceDate "2007.01.28"]

1. e4 e5 2. Nf3 Nc6 3. Bb5 a6 4. Ba4 Nf6 5. O-O Be7 6. Re1 b5 7. Bb3 O-O 8. c3
d5 9. exd5 Nxd5 10. Nxe5 Nxe5 11. Rxe5 c6 12. d4 Bd6 13. Re1 Qh4 14. g3 Qh3 15.
Re4 g5 16. Qe2 f5 17. Bxd5+ cxd5 18. Re6 f4 19. Rxd6 Bg4 20. Qf1 Qxf1+ 21. Kxf1
Rae8 22. Bd2 Bh3+ 23. Kg1 fxg3 24. hxg3 Re2 25. Rh6 Rexf2 26. Na3 Rg2+ 27. Kh1
Rxd2 28. Rxh3 Rff2 29. Rb1 Kg7 30. g4 Kg6 31. Re3 Rh2+ 32. Kg1 Rhg2+ 33. Kh1
1/2-1/2

[Event "2MCR_3DE_1L_2S"]
[Site "?"]
[Date "2007.??.??"]
[Round "?"]
[White "Bares, Jiri"]
[Black "Glaser, Karel"]
[Result "1-0"]
[WhiteElo "2214"]
[BlackElo "2200"]
[Annotator "062"]
[PlyCount "115"]
[EventDate "2007.??.??"]
[EventType "corr"]
[EventRounds "1"]
[SourceDate "2007.01.28"]

1. d4 Nf6 2. c4 e6 3. Nf3 d5 4. Nc3 c6 5. Bg5 h6 6. Bxf6 Qxf6 7. e3 Nd7 8. Bd3
Bd6 9. O-O Qe7 10. c5 Bc7 11. e4 dxe4 12. Nxe4 O-O 13. Re1 Rd8 14. Qc2 Nf8 15.
Ned2 Bd7 16. b4 Be8 17. a4 Nd7 18. Ne4 a6 19. Qe2 Nf6 20. Nxf6+ Qxf6 21. Rab1
Rab8 22. g3 a5 23. b5 b6 24. Rec1 cxb5 25. axb5 g5 26. h3 h5 27. Qe4 Qg7 28. g4
hxg4 29. hxg4 Qf6 30. Kg2 Kf8 31. c6 Ra8 32. Qh7 Qg7 33. Qh3 a4 34. Ra1 a3 35.
Rc3 Bd6 36. Bc4 Kg8 37. Ra2 Ra4 38. Qh1 Rda8 39. Qc1 Bf4 40. Qc2 Qf6 41. Qe4
Qh6 42. d5 exd5 43. Qxd5 Kg7 44. Qd4+ Qf6 45. Qd3 Qg6 46. Qe2 Kf8 47. Qd1 Qf6
48. Qc2 Qh6 49. Bd5 Rb4 50. Bc4 Rba4 51. Qb1 Kg7 52. Rcxa3 Bxc6 53. bxc6 Rh8
54. Qa1+ f6 55. Nd4 Qh2+ 56. Kf1 Qh1+ 57. Ke2 Rxc4 58. Qxh1 1-0

[Event "2MCR_3DE_1L_2S"]
[Site "?"]
[Date "2007.??.??"]
[Round "?"]
[White "Janous, Petr"]
[Black "Pravec, Ladislav"]
[Result "1/2-1/2"]
[WhiteElo "2236"]
[BlackElo "2352"]
[Annotator "063"]
[PlyCount "91"]
[EventDate "2007.??.??"]
[EventType "corr"]
[EventRounds "1"]
[SourceDate "2007.01.28"]

1. e4 c5 2. Nf3 d6 3. d4 cxd4 4. Nxd4 Nf6 5. Nc3 a6 6. Bg5 e6 7. f4 Qb6 8. Nb3
Be7 9. Qf3 Nbd7 10. O-O-O Qc7 11. Bd3 b5 12. a3 Rb8 13. Rhe1 h6 14. Qh3 b4 15.
axb4 Rxb4 16. g4 Nc5 17. Nxc5 Qxc5 18. Bxf6 Bxf6 19. e5 dxe5 20. g5 Be7 21.
Rxe5 Qc7 22. Ne4 Kf8 23. Rf1 Qb8 24. b3 Qc7 25. Bc4 Rb6 26. Qc3 hxg5 27. fxg5
Bb4 28. Qg3 Ba3+ 29. Kd1 Rd6+ 30. Ke1 Rd7 31. g6 f6 32. Rxe6 Qxg3+ 33. hxg3 Rh2
34. c3 Rc2 35. Bxa6 Rc1+ 36. Ke2 Rxf1 37. Kxf1 Rd1+ 38. Ke2 Bxe6 39. Kxd1 Bxb3+
40. Ke2 Be6 41. Bd3 Bg4+ 42. Kd2 Ke7 43. Nf2 Bd7 44. Ke3 Bd6 45. Kf3 Be5 46. c4
1/2-1/2

[Event "2MCR_3DE_1L_1S"]
[Site "?"]
[Date "2007.??.??"]
[Round "?"]
[White "Soucha, Stepan"]
[Black "Jandovsky, Viktor"]
[Result "1/2-1/2"]
[WhiteElo "2353"]
[BlackElo "2275"]
[Annotator "057"]
[PlyCount "65"]
[EventDate "2007.??.??"]
[EventType "corr"]
[EventRounds "1"]
[SourceDate "2007.01.28"]

1. d4 Nf6 2. c4 g6 3. Nc3 Bg7 4. e4 d6 5. Be2 O-O 6. Nf3 e5 7. O-O Nc6 8. d5
Ne7 9. b4 Nh5 10. Re1 f5 11. Ng5 Nf6 12. Bf3 c6 13. b5 cxd5 14. cxd5 h6 15. Ne6
Bxe6 16. dxe6 fxe4 17. Nxe4 Nxe4 18. Bxe4 d5 19. Ba3 dxe4 20. Qxd8 Rfxd8 21.
Bxe7 Re8 22. Bc5 Rxe6 23. Be3 a6 24. b6 Bf6 25. g3 Kf7 26. Rac1 Bd8 27. a4 h5
28. Rc4 Bxb6 29. Bxb6 Rxb6 30. Rcxe4 Re8 31. Rxe5 Rbe6 32. Rxe6 Rxe6 33. Rb1
1/2-1/2

[Event "2MCR_3DE_1L_2S"]
[Site "?"]
[Date "2007.??.??"]
[Round "?"]
[White "Canibal, Jaromir"]
[Black "Hala, Martin"]
[Result "1/2-1/2"]
[WhiteElo "2255"]
[BlackElo "2368"]
[Annotator "064"]
[PlyCount "50"]
[EventDate "2007.??.??"]
[EventType "corr"]
[EventRounds "1"]
[SourceDate "2007.01.28"]

1. e4 e5 2. Nf3 Nc6 3. Bb5 f5 4. Nc3 fxe4 5. Nxe4 d5 6. Nxe5 dxe4 7. Nxc6 Qg5
8. Qe2 Nf6 9. f4 Qxf4 10. Nxa7+ Bd7 11. Bxd7+ Kxd7 12. Qb5+ Ke6 13. Qb3+ Kd7
14. Qxb7 Bd6 15. Qb5+ Ke6 16. Qb3+ Kd7 17. Qf7+ Be7 18. Nc6 Kxc6 19. Qxe7 Rae8
20. Qa3 Rhf8 21. g3 Qf3 22. Rf1 Ng4 23. Qa4+ Kb7 24. Qb5+ Kc8 25. Qa6+ Kb8
1/2-1/2

[Event "2MCR_3DE_1L_2S"]
[Site "?"]
[Date "2007.??.??"]
[Round "?"]
[White "Pecka, Josef"]
[Black "Postl, Rostislav"]
[Result "1/2-1/2"]
[WhiteElo "2290"]
[BlackElo "2340"]
[Annotator "065"]
[PlyCount "156"]
[EventDate "2007.??.??"]
[EventType "corr"]
[EventRounds "1"]
[SourceDate "2007.01.28"]

1. e4 e5 2. f4 exf4 3. Bc4 d5 4. Bxd5 Qh4+ 5. Kf1 Nf6 6. Nf3 Qh6 7. Nc3 Bb4 8.
e5 Bxc3 9. exf6 Bxf6 10. Qe2+ Kf8 11. Ne5 Qg5 12. d4 Nd7 13. h4 Qf5 14. Be4 Qe6
15. Nf3 Qd6 16. c3 Be7 17. Bd3 Nf6 18. Ne5 Nd5 19. Qf2 Be6 20. Bxf4 Nxf4 21.
Qxf4 Kg8 22. Bf5 h5 23. Kg1 Bd5 24. Rh3 Rh6 25. Rg3 Rd8 26. Rf1 Bxa2 27. Ra1
Bd5 28. Rxa7 Rf6 29. Qg5 g6 30. Qxh5 Bf8 31. Bd3 c5 32. Ra5 cxd4 33. c4 Bc6 34.
Nxg6 fxg6 35. Bxg6 Bg7 36. Rag5 Rd7 37. Qh7+ Kf8 38. Bd3 Qe6 39. Rxg7 Qe1+ 40.
Kh2 Qxg3+ 41. Rxg3 Rxh7 42. Bxh7 Rh6 43. Bd3 Rxh4+ 44. Kg1 Rf4 45. b4 Kf7 46.
Rg5 Kf6 47. Rg6+ Kf7 48. b5 Be4 49. Bxe4 Rxe4 50. Rd6 Ke7 51. Rd5 b6 52. Kf2 d3
53. Rxd3 Rxc4 54. Rd5 Rc3 55. g3 Rb3 56. Kg2 Ke6 57. Rh5 Kf7 58. Kh3 Rb1 59.
Kh4 Rh1+ 60. Kg5 Rb1 61. Kf4 Rb4+ 62. Ke3 Rb3+ 63. Kd4 Rb1 64. Kc4 Rc1+ 65. Kb3
Rb1+ 66. Kc3 Rc1+ 67. Kd3 Rb1 68. Kd4 Rb4+ 69. Kc3 Rb1 70. g4 Rg1 71. Rh7+ Ke6
72. Rh6+ Kd5 73. Rxb6 Kc5 74. Rg6 Rg3+ 75. Kd2 Kxb5 76. Ke2 Kc5 77. Kf2 Rb3 78.
Rg8 Kd5 1/2-1/2

[Event "2MCR_3DE_1L_1S"]
[Site "?"]
[Date "2007.??.??"]
[Round "?"]
[White "Toman, Antonin"]
[Black "Lounek, Jan"]
[Result "0-1"]
[WhiteElo "2271"]
[BlackElo "2425"]
[Annotator "058"]
[PlyCount "92"]
[EventDate "2007.??.??"]
[EventType "corr"]
[EventRounds "1"]
[SourceDate "2007.01.28"]

1. e4 c5 2. b3 Nc6 3. Bb2 d6 4. Nf3 e5 5. Bc4 g6 6. O-O Bg7 7. Nc3 Nf6 8. d3
O-O 9. a4 a6 10. Bc1 Nd4 11. h3 Be6 12. a5 Nc6 13. Bg5 Nxa5 14. Nd5 Nc6 15. Nh2
Bxd5 16. Bxd5 Qd7 17. Bc4 Ra7 18. Qf3 Nd4 19. Qd1 b5 20. Bxf6 Bxf6 21. Ng4 Bg5
22. Bd5 b4 23. Bc4 Kg7 24. Ne3 a5 25. Ra4 f5 26. Nd5 f4 27. f3 Rb8 28. Kh1 Bh4
29. c3 bxc3 30. Nxc3 Qb7 31. Ra1 Nxb3 32. Rb1 a4 33. Nxa4 Rxa4 34. Rxb3 Rb4 35.
Rxb4 Qxb4 36. Qa1 Kh6 37. Qa6 Qb6 38. Qa2 Qb2 39. Qxb2 Rxb2 40. Kg1 Kg5 41. Ba6
Rd2 42. Bc4 Bg3 43. Ba6 h5 44. Bc4 Kh4 45. Bb5 g5 46. Bc4 Be1 0-1

[Event "2MCR_3DE_1L_1S"]
[Site "?"]
[Date "2007.??.??"]
[Round "?"]
[White "Soucha, Stepan"]
[Black "Hrdy, Roman"]
[Result "1/2-1/2"]
[WhiteElo "2353"]
[BlackElo "2284"]
[Annotator "059"]
[PlyCount "57"]
[EventDate "2007.??.??"]
[EventType "corr"]
[EventRounds "1"]
[SourceDate "2007.01.28"]

1. d4 Nf6 2. c4 e6 3. Nf3 b6 4. g3 Bb7 5. Bg2 Be7 6. O-O O-O 7. Re1 d5 8. cxd5
exd5 9. Nc3 Na6 10. Bf4 c5 11. dxc5 Nxc5 12. Rc1 Nfe4 13. Nd4 Bf6 14. Bh3 Bc8
15. Bg2 Bb7 16. b4 Nxc3 17. Rxc3 Bxd4 18. Qxd4 Ne6 19. Qe5 d4 20. Bxb7 dxc3 21.
Bxa8 Nxf4 22. Qxc3 Nxe2+ 23. Rxe2 Qxa8 24. Re7 h6 25. Qb3 a6 26. Rd7 Qc6 27.
Qd5 Qc3 28. Qd4 Qc1+ 29. Kg2 1/2-1/2

[Event "2MCR_3DE_1L_3S"]
[Site "?"]
[Date "2007.??.??"]
[Round "?"]
[White "Fric, Pavel"]
[Black "Mezera, Lukas"]
[Result "1-0"]
[WhiteElo "2184"]
[BlackElo "2285"]
[Annotator "059"]
[PlyCount "79"]
[EventDate "2007.??.??"]
[EventType "corr"]
[EventRounds "1"]
[SourceDate "2007.01.28"]

1. e4 c5 2. Nf3 d6 3. d4 cxd4 4. Nxd4 Nf6 5. Nc3 a6 6. Be3 e5 7. Nb3 Be6 8. f3
Be7 9. Qd2 O-O 10. O-O-O Nbd7 11. g4 b5 12. g5 b4 13. Ne2 Ne8 14. Ng3 a5 15.
Kb1 a4 16. Nc1 Nc7 17. f4 exf4 18. Bxf4 Nc5 19. Qxb4 Rb8 20. Qc3 Rb6 21. h4 Qa8
22. Nh5 Ne8 23. Bd3 a3 24. b3 Na4 25. Qe1 Qc6 26. Ne2 d5 27. Nhg3 Nb2 28. Rc1
Qb7 29. Qd2 Nd6 30. exd5 Bxd5 31. Rhe1 Rd8 32. Nd4 g6 33. Ka1 f5 34. Bxf5 gxf5
35. Ndxf5 Nxf5 36. Nxf5 Be6 37. Nh6+ Kf8 38. Qc3 Ke8 39. Qg7 Rd5 40. c4 1-0

[Event "2MCR_3DE_1L_3S"]
[Site "?"]
[Date "2007.??.??"]
[Round "?"]
[White "Krouzel, Jaroslav"]
[Black "Riha, Jan"]
[Result "1/2-1/2"]
[WhiteElo "2298"]
[BlackElo "2277"]
[Annotator "060"]
[PlyCount "57"]
[EventDate "2007.??.??"]
[EventType "corr"]
[EventRounds "1"]
[SourceDate "2007.01.28"]

1. d4 Nf6 2. c4 e6 3. Nc3 Bb4 4. Bg5 h6 5. Bh4 c5 6. d5 d6 7. e3 Bxc3+ 8. bxc3
e5 9. f3 Nbd7 10. Bd3 Qe7 11. Qc2 g5 12. Bg3 Rg8 13. Ne2 h5 14. h4 g4 15. O-O-O
Nb6 16. Rdg1 Bd7 17. e4 O-O-O 18. f4 exf4 19. Bxf4 Ba4 20. Qb1 Nfd7 21. Rf1 Kb8
22. Kb2 f6 23. Qc1 Ne5 24. Bxe5 fxe5 25. Ng3 Be8 26. Nf5 Qd7 27. Ka1 Qa4 28.
Qd1 Rf8 29. Qe2 1/2-1/2

[Event "2MCR_3DE_1L_1S"]
[Site "?"]
[Date "2007.??.??"]
[Round "?"]
[White "Blecha, Miroslav"]
[Black "Svoboda, Frantisek"]
[Result "1/2-1/2"]
[WhiteElo "2227"]
[BlackElo "2388"]
[Annotator "060"]
[PlyCount "71"]
[EventDate "2007.??.??"]
[EventType "corr"]
[EventRounds "1"]
[SourceDate "2007.01.28"]

1. e4 e6 2. d4 d5 3. Nc3 Nf6 4. Bg5 dxe4 5. Nxe4 Be7 6. Bxf6 Bxf6 7. Nf3 Nd7 8.
Qd2 O-O 9. O-O-O Be7 10. Bd3 b6 11. h4 Bb7 12. c3 c5 13. Neg5 h6 14. Bh7+ Kh8
15. Bc2 Qc7 16. Qd3 Nf6 17. Ne5 Bd6 18. Rhe1 c4 19. Ngxf7+ Rxf7 20. Qg6 Kg8 21.
g4 Kf8 22. g5 Bxe5 23. dxe5 Ng8 24. Qxe6 Re8 25. Qh3 Ne7 26. gxh6 gxh6 27. Qe3
Nf5 28. Bxf5 Rxf5 29. Rg1 Re6 30. f4 Bc6 31. Rg3 Qf7 32. Rdg1 Re8 33. h5 Qd5
34. Rg8+ Ke7 35. R8g7+ Kf8 36. Rg8+ 1/2-1/2

[Event "2MCR_3DE_1L_3S"]
[Site "?"]
[Date "2007.??.??"]
[Round "?"]
[White "Ryska, Jiri"]
[Black "Cakl, Zdenek"]
[Result "1/2-1/2"]
[WhiteElo "2072"]
[BlackElo "2137"]
[Annotator "061"]
[PlyCount "63"]
[EventDate "2007.??.??"]
[EventType "corr"]
[EventRounds "1"]
[SourceDate "2007.01.28"]

1. d4 d5 2. Nf3 e6 3. Bf4 Nf6 4. e3 Be7 5. Ne5 c5 6. c3 O-O 7. Bd3 Nbd7 8. Nd2
Nxe5 9. Bxe5 Nd7 10. Bg3 c4 11. Bc2 b5 12. O-O f5 13. Qf3 a5 14. Rab1 b4 15.
Rfd1 Ra7 16. Qe2 Nf6 17. Bf4 Qe8 18. Nf3 Qh5 19. Rf1 Ne4 20. Qe1 Rb7 21. h3 Bd7
22. Ne5 Be8 23. f3 Ng5 24. Rf2 Nf7 25. Nxf7 Qxf7 26. e4 a4 27. cxb4 Bxb4 28.
Qd1 Ra7 29. exd5 exd5 30. Re2 Bd7 31. Qf1 Raa8 32. Qf2 1/2-1/2

[Event "2MCR_3DE_1L_2S"]
[Site "?"]
[Date "2007.??.??"]
[Round "?"]
[White "Mikoska, Josef"]
[Black "Janous, Petr"]
[Result "1/2-1/2"]
[WhiteElo "2169"]
[BlackElo "2236"]
[Annotator "066"]
[PlyCount "68"]
[EventDate "2007.??.??"]
[EventType "corr"]
[EventRounds "1"]
[SourceDate "2007.01.28"]

1. e4 c5 2. Nf3 d6 3. d4 cxd4 4. Nxd4 Nf6 5. Nc3 a6 6. Be3 e5 7. Nb3 Be6 8. Be2
Be7 9. Nd5 Nbd7 10. Qd3 O-O 11. c4 b5 12. cxb5 axb5 13. O-O Bxd5 14. exd5 Nb6
15. Rfc1 Nc4 16. Nd2 Nxe3 17. fxe3 b4 18. Rc6 Nd7 19. a4 Nc5 20. Qc2 f5 21. b3
Rc8 22. Kh1 e4 23. Rd1 Kh8 24. Bb5 Bg5 25. Nc4 Nd3 26. a5 Rb8 27. Rxd6 Qe7 28.
Re6 Qc5 29. Bc6 Bxe3 30. Rxd3 exd3 31. Qxd3 Bf2 32. Qf1 Rbd8 33. a6 Rf6 34. Re2
Bd4 1/2-1/2

[Event "2MCR_3DE_1L_2S"]
[Site "?"]
[Date "2007.??.??"]
[Round "?"]
[White "Houska, Jiri"]
[Black "Pravec, Ladislav"]
[Result "1-0"]
[WhiteElo "2213"]
[BlackElo "2302"]
[Annotator "067"]
[PlyCount "79"]
[EventDate "2007.??.??"]
[EventType "corr"]
[EventRounds "1"]
[SourceDate "2007.01.28"]

1. e4 c5 2. Nf3 d6 3. d4 cxd4 4. Nxd4 Nf6 5. Nc3 a6 6. Be3 e5 7. Nb3 Be7 8. Qd2
Ng4 9. g3 Be6 10. O-O-O Nxe3 11. Qxe3 O-O 12. f4 Nd7 13. Kb1 Qb6 14. Qf3 Rfc8
15. f5 Bxb3 16. axb3 Qc5 17. h4 Nb6 18. Rh2 a5 19. Bb5 Rd8 20. g4 d5 21. exd5
e4 22. Qe2 Nxd5 23. Nxe4 Qb6 24. Re1 Nf4 25. Qf1 Nd5 26. Rh3 Bc5 27. Rf3 f6 28.
Qc4 Bb4 29. Rd1 Rac8 30. Qe2 Kh8 31. Bc4 Ne7 32. Rxd8+ Rxd8 33. c3 Bd6 34. Rd3
Qc7 35. Nxd6 Rxd6 36. Re3 Rd7 37. Bb5 Ng8 38. Bxd7 Qxd7 39. Re8 a4 40. Qe6 1-0

[Event "2MCR_3DE_1L_1S"]
[Site "?"]
[Date "2007.??.??"]
[Round "?"]
[White "Hybl, Vladislav"]
[Black "Straka, Zdenek"]
[Result "1/2-1/2"]
[WhiteElo "2303"]
[BlackElo "2398"]
[Annotator "061"]
[PlyCount "88"]
[EventDate "2007.??.??"]
[EventType "corr"]
[EventRounds "1"]
[SourceDate "2007.01.28"]

1. d4 Nf6 2. c4 e6 3. Nc3 Bb4 4. e3 O-O 5. Bd3 d5 6. Nf3 c5 7. O-O Nc6 8. a3
Bxc3 9. bxc3 Qc7 10. cxd5 exd5 11. a4 Re8 12. Ba3 c4 13. Bc2 Ne4 14. Bxe4 Rxe4
15. Nd2 Re8 16. e4 dxe4 17. Re1 Bf5 18. Nxc4 Rad8 19. Ne3 Be6 20. Qh5 Ne7 21.
Bxe7 Rxe7 22. d5 g6 23. Qg5 h6 24. Qxh6 Bxd5 25. Ng4 Re6 26. Qg5 Rdd6 27. Ne3
Bc6 28. a5 Rd3 29. c4 Qe5 30. Qh6 Red6 31. a6 b6 32. Rac1 Re6 33. h3 Qd6 34.
Ng4 Be8 35. Qg5 Rd4 36. c5 bxc5 37. Rxc5 f6 38. Qc1 f5 39. Ne3 Qxa6 40. Qb2 Qd6
41. Rc8 Kh7 42. Qa2 Bd7 43. Qxa7 Qb6 44. Ra1 f4 1/2-1/2

[Event "2MCR_3DE_1L_2S"]
[Site "?"]
[Date "2007.??.??"]
[Round "?"]
[White "Prochazka, Dalibor"]
[Black "Valak, Alois"]
[Result "0-1"]
[WhiteElo "2200"]
[BlackElo "2353"]
[Annotator "068"]
[PlyCount "88"]
[EventDate "2007.??.??"]
[EventType "corr"]
[EventRounds "1"]
[SourceDate "2007.01.28"]

1. e4 e5 2. f4 exf4 3. Nf3 g5 4. d4 g4 5. Bxf4 gxf3 6. Qxf3 Nc6 7. Bc4 Qh4+ 8.
Bg3 Qf6 9. Qxf6 Nxf6 10. O-O Nxe4 11. Re1 f5 12. Nc3 d6 13. Nxe4 fxe4 14. Rxe4+
Be7 15. Rae1 Bf5 16. Rxe7+ Nxe7 17. Bh4 O-O-O 18. Bxe7 Rd7 19. Bg5 d5 20. Bb3
c6 21. c3 Rf7 22. Bd1 Rg8 23. h4 Kc7 24. Re3 Be4 25. g3 b5 26. b3 Kb6 27. Bh5
Rff8 28. Bh6 Rf5 29. Bd1 Rg6 30. Bg5 h6 31. Be7 Kc7 32. Be2 Rg7 33. g4 h5 34.
Bg5 hxg4 35. Rg3 Rgf7 36. Be3 a5 37. Rxg4 Bf3 38. Bxf3 Rxf3 39. Bd2 Rf1+ 40.
Kh2 R7f2+ 41. Rg2 Rxg2+ 42. Kxg2 Ra1 43. Kf3 Rxa2 44. Ke2 a4 0-1

[Event "2MCR_3DE_1L_2S"]
[Site "?"]
[Date "2007.??.??"]
[Round "?"]
[White "Valak, Alois"]
[Black "Pecka, Josef"]
[Result "1/2-1/2"]
[WhiteElo "2353"]
[BlackElo "2290"]
[Annotator "069"]
[PlyCount "131"]
[EventDate "2007.??.??"]
[EventType "corr"]
[EventRounds "1"]
[SourceDate "2007.01.28"]

1. d4 d5 2. c4 c6 3. Nf3 Nf6 4. Nc3 dxc4 5. a4 Bg4 6. Ne5 Bh5 7. f3 Nfd7 8.
Nxc4 e5 9. e4 Qh4+ 10. g3 Qf6 11. dxe5 Qxf3 12. Nd6+ Ke7 13. Bg5+ f6 14. exf6+
gxf6 15. Bf4 Qxd1+ 16. Nxd1 Bf3 17. Rg1 Ne5 18. Nxb7 Nbd7 19. a5 Kf7 20. Nc3 a6
21. Bh3 Nd3+ 22. Kd2 N7e5 23. Bf1 Nb4 24. Bxe5 fxe5 25. Bc4+ Kg6 26. Na4 Bxe4
27. Nac5 Bf3 28. Nd7 e4 29. Nxf8+ Rhxf8 30. Ra4 Nd5 31. Nc5 Rfb8 32. b3 Rd8 33.
Kc1 Ne3 34. Be6 Rab8 35. Nxa6 Rb5 36. b4 Kf6 37. Ba2 Ra8 38. Nc5 Nd5 39. Bxd5
cxd5 40. Rf1 Ke5 41. Nd3+ Kd6 42. Ne1 Be2 43. Rf6+ Ke5 44. Rh6 e3 45. a6 Rc8+
46. Kb2 Bd1 47. Nd3+ Kd4 48. Ra3 Bf3 49. Rb3 e2 50. Ne1 Be4 51. Re6 Rc7 52. h3
Rc8 53. g4 Rc7 54. g5 Rf7 55. Rc6 Rf1 56. Rc1 Rf7 57. Ka3 Ra7 58. Ka4 Rb6 59.
b5 Rbxa6+ 60. bxa6 Rxa6+ 61. Kb5 Ra2 62. Kc6 Ke5 63. Kc5 Rd2 64. Ra3 d4 65.
Raa1 Kf5 66. h4 1/2-1/2

[Event "2MCR_3DE_1L_2S"]
[Site "?"]
[Date "2007.??.??"]
[Round "?"]
[White "Bares, Jiri"]
[Black "Nepustil, Frantisek"]
[Result "1/2-1/2"]
[WhiteElo "2214"]
[BlackElo "2335"]
[Annotator "070"]
[PlyCount "62"]
[EventDate "2007.??.??"]
[EventType "corr"]
[EventRounds "1"]
[SourceDate "2007.01.28"]

1. d4 Nf6 2. c4 g6 3. Nc3 Bg7 4. e4 d6 5. f3 O-O 6. Be3 Nc6 7. Qd2 a6 8. Nge2
Rb8 9. Nc1 e5 10. d5 Nd4 11. N1e2 Nxe2 12. Bxe2 Bd7 13. g4 b5 14. cxb5 axb5 15.
b4 Qc8 16. h4 h5 17. g5 Nh7 18. Bd3 Qb7 19. Qe2 f6 20. gxf6 Rxf6 21. Rg1 Nf8
22. O-O-O Kh7 23. Kb1 Bh6 24. Bxh6 Kxh6 25. Qe3+ Kg7 26. Rdf1 c5 27. dxc6 Bxc6
28. f4 exf4 29. Rxf4 Rxf4 30. Qxf4 Qa7 31. Rf1 Qd4 1/2-1/2

[Event "2MCR_3DE_1L_1S"]
[Site "?"]
[Date "2007.??.??"]
[Round "?"]
[White "Ryvova, Anna"]
[Black "Contos, Vaclav"]
[Result "1/2-1/2"]
[WhiteElo "2254"]
[BlackElo "2200"]
[Annotator "062"]
[PlyCount "79"]
[EventDate "2007.??.??"]
[EventType "corr"]
[EventRounds "1"]
[SourceDate "2007.01.28"]

1. d4 d5 2. c4 e6 3. Nc3 c6 4. Nf3 dxc4 5. a4 Bb4 6. e3 b5 7. Bd2 a5 8. axb5
Bxc3 9. Bxc3 cxb5 10. b3 Bb7 11. bxc4 b4 12. Bb2 Nf6 13. Bd3 Nbd7 14. O-O O-O
15. Re1 Ne4 16. Nd2 Nxd2 17. Qxd2 f5 18. f3 Rf6 19. c5 Qc7 20. e4 fxe4 21. fxe4
Raf8 22. Bc4 Kh8 23. Rac1 e5 24. Qe3 exd4 25. Qxd4 a4 26. Bb5 a3 27. Ba1 b3 28.
Qxd7 Qxd7 29. Bxd7 b2 30. Rb1 Ba6 31. Bxb2 axb2 32. e5 Rf1+ 33. Rxf1 Rxf1+ 34.
Rxf1 Bxf1 35. Bf5 Bb5 36. Kf2 g6 37. Bb1 Bd7 38. e6 Bxe6 39. c6 Kg7 40. Ke3
1/2-1/2

[Event "2MCR_3DE_1L_3S"]
[Site "?"]
[Date "2007.??.??"]
[Round "?"]
[White "Riha, Jan"]
[Black "Tomisek, Petr"]
[Result "1-0"]
[WhiteElo "2277"]
[BlackElo "2186"]
[Annotator "062"]
[PlyCount "79"]
[EventDate "2007.??.??"]
[EventType "corr"]
[EventRounds "1"]
[SourceDate "2007.01.28"]

1. e4 e5 2. Nf3 Nc6 3. Bb5 f5 4. Nc3 fxe4 5. Nxe4 d5 6. Nxe5 dxe4 7. Nxc6 Qg5
8. Qe2 Nf6 9. f4 Qxf4 10. Ne5+ c6 11. d4 Qh4+ 12. g3 Qh3 13. Bc4 Be6 14. Bg5
Bd6 15. O-O-O O-O-O 16. Bxe6+ Qxe6 17. Qc4 Qxc4 18. Nxc4 Rhe8 19. Rhf1 Be7 20.
c3 h6 21. Bf4 Nd5 22. Rde1 Rf8 23. Be5 Rxf1 24. Rxf1 b5 25. Nd2 e3 26. Ne4 g5
27. Kc2 Kd7 28. Kd3 Ke6 29. g4 c5 30. Rf5 c4+ 31. Ke2 Rf8 32. Ng3 b4 33. cxb4
Bxb4 34. Bg7 Rxf5 35. gxf5+ Kf7 36. Bxh6 Kf6 37. Kf3 Bd2 38. Kg4 e2 39. Nxe2
Ne3+ 40. Kf3 1-0

[Event "2MCR_3DE_1L_1S"]
[Site "?"]
[Date "2007.??.??"]
[Round "?"]
[White "Hrdy, Roman"]
[Black "Svoboda, Frantisek"]
[Result "1/2-1/2"]
[WhiteElo "2284"]
[BlackElo "2388"]
[Annotator "063"]
[PlyCount "78"]
[EventDate "2007.??.??"]
[EventType "corr"]
[EventRounds "1"]
[SourceDate "2007.01.28"]

1. d4 Nf6 2. Bg5 Ne4 3. Bf4 c5 4. f3 Qa5+ 5. c3 Nf6 6. d5 Qb6 7. Bc1 e6 8. c4
exd5 9. cxd5 d6 10. e4 g6 11. Ne2 Bg7 12. Nec3 O-O 13. Be2 Nbd7 14. O-O Qd8 15.
a4 Re8 16. Be3 a6 17. Na3 Ne5 18. Qd2 Qc7 19. Rab1 Nh5 20. Rfc1 f5 21. b4 b6
22. a5 b5 23. Ncxb5 axb5 24. Nxb5 Qd8 25. bxc5 dxc5 26. Rxc5 fxe4 27. Nc7 exf3
28. gxf3 Bf5 29. Nxe8 Qxe8 30. Re1 Nd7 31. Bb5 Qf8 32. Rc7 Ne5 33. Be2 Bd3 34.
f4 Bxe2 35. fxe5 Bf3 36. d6 Qf5 37. Rc4 Qe6 38. Rh4 Bc6 39. Qc3 Bd5 1/2-1/2

[Event "2MCR_3DE_1L_3S"]
[Site "?"]
[Date "2007.??.??"]
[Round "?"]
[White "Pytlik, Lesek"]
[Black "Janocko, Petr"]
[Result "1-0"]
[WhiteElo "2382"]
[BlackElo "2177"]
[Annotator "063"]
[PlyCount "81"]
[EventDate "2007.??.??"]
[EventType "corr"]
[EventRounds "1"]
[SourceDate "2007.01.28"]

1. e4 c5 2. Nf3 Nc6 3. Bb5 g6 4. Bxc6 dxc6 5. d3 Bg7 6. h3 Nf6 7. Nc3 Nd7 8.
Be3 e5 9. Qd2 h6 10. O-O Qe7 11. Nh2 Nf8 12. f4 exf4 13. Bxf4 Ne6 14. Bg3 O-O
15. e5 Qg5 16. Qe1 Qd8 17. Ng4 Nd4 18. Nf6+ Bxf6 19. exf6 Re8 20. Qd2 Bf5 21.
Rae1 Rxe1 22. Rxe1 Qxf6 23. Qxh6 Qg7 24. Qd2 Qf8 25. Ne2 Re8 26. Nxd4 Rxe1+ 27.
Qxe1 cxd4 28. Qa5 a6 29. Qb6 Qe7 30. Qxd4 f6 31. a4 g5 32. Kf2 Bd7 33. b3 Kf7
34. Bd6 Qe6 35. c4 Bc8 36. Bb4 Qd7 37. Qe4 Qf5+ 38. Ke3 Qe6 39. a5 f5 40. Qxe6+
Bxe6 41. Kd4 1-0